Con amor de verdadero Padre. (Record no. 24062)

MARC details
000 -LEADER
campo de control de longitud fija 00434nam a2200157 i 4500
001 - NÚMERO DE CONTROL
campo de control 24062
003 - IDENTIFICADOR DE NÚMERO DE CONTROL
campo de control ES-MaACL
005 - FECHA Y HORA DE LA ÚLTIMA TRANSACCIÓN
campo de control 20230906152959.0
007 - CAMPO FIJO DE DESCRIPCIÓN FÍSICA--INFORMACIÓN GENERAL
campo de control de longitud fija t|
008 - DATOS DE LONGITUD FIJA--INFORMACIÓN GENERAL
campo de control de longitud fija 021213s1976 kn ||||1| spa d
245 00 - MENCIÓN DEL TÍTULO
Título Con amor de verdadero Padre.
260 ## - PUBLICACIÓN, DISTRIBUCIÓN, ETC.
Lugar de publicación, distribución, etc. Pyongyang :
Nombre del editor, distribuidor, etc. Ed. Lenguas Extranjeras,
Fecha de publicación, distribución, etc. 1976.
300 ## - DESCRIPCIÓN FÍSICA
Extensión 87 p., 1 lám. ;
Dimensiones 19 cm.
500 ## - NOTA GENERAL
Nota general Precede a tít.: Entre el pueblo.
852 ## - LOCALIZACIÓN
Ubicación ES-MaACL
Número de control de estantería A-6806
Sublocalización o colección R.95918
Holdings
Estatus retirado Estado de pérdida Estado de daño No para préstamo Biblioteca de origen Biblioteca actual Ubicación en estantería Fecha de adquisición Fuente de adquisición Total de préstamos Signatura topográfica completa Código de barras Visto por última vez Precio de reemplazo Tipo de ítem Koha
        Biblioteca del Ateneo de Madrid Biblioteca del Ateneo de Madrid Sala Pecera Planta 1 17/01/2008     A-6806 1024799 23/02/2023 23/02/2023 Libro impreso